• 首页
  • 本馆介绍
  • 公告通知
  • 最新文献
  • 馆藏检索
  • 电子资源
  • 读者导购
  • 参考咨询
  • 我的图书馆
  • 登录
  • 详细信息显示
  • 放入我的书架
  • 预约/预借图书
  • 作者相关作品
  • 分类相关作品
  • 丛书相关作品
  • 出版社相关作品

书目信息

  • 表格格式
  • 工作单格式
  • 卡片格式
书名: Linear geometry
作者: K. W. Gruenberg, A. J. Weir.
分册号:
分册名:
出版地: New York :
 
出版社: Springer-Verlag
出版时间: c1977.
页数: x, 198 p. :
开本: 24 cm.
丛书名:
中图分类号:
科图分类号:
其他分类号: O18:H31
主题词:
电子资源:
000 00914cam 2200313Ii 4500
001 E0759953542
005 20070225164105.89
008 030530s1977 nyu b 00110 engm
010    @a76027693
020    @a0387902279.
040    @aDLC@cDLC@dOCL@dCWR@dm.c
050 00 @aQA564@b.G72 1977
082    @a516/.35
090    @aP148/W26
090    @aO18:H31
099    @dO18:H31@ex38
100 1  @aGruenberg, Karl W.
245 10 @aLinear geometry / @cK. W. Gruenberg, A. J. Weir.
250    @a2d ed.
260    @aNew York :@bSpringer-Verlag,@cc1977.
300    @ax, 198 p. :@bill. ;@c24 cm.
490 1  @aGraduate texts in mathematics ;@v49
500    @aIncludes index.
504    @aBibliography: p. 191.
650  0 @aAlgebras, Linear.
650  0 @aGeometry, Algebraic.
700 1  @aWeir, Alan J.
830  0 @aGraduate texts in mathematics ;@v49.
920    @a232010@z2
    
    Linear geometry / / K. W. Gruenberg, A. J. Weir.-2d ed.-New York : : Springer-Verlag, , c1977.
    x, 198 p. : : ill. ; ; 24 cm.- (Graduate texts in mathematics ; 49 )
    Includes index.-Bibliography: p. 191.
    
    ISBN 0387902279.
    
●
相关链接 在E读中查询图书 在五车中查询图书 在当当中查询图书 在豆瓣中查询图书


正题名:Linear geometry     索取号:O18:H31/x38         预约/预借

序号 登录号 条形码 馆藏地/架位号 状态 备注
1 49861   000452593   第四借阅区/ [索取号:O18:H31/x38] 在馆    
唐山师范学院图书馆 欢迎您!
大连网信软件有限公司© 版权所有